<?xml version="1.0" encoding="UTF-8"?>
<record
    xmlns:xsi="http://www.w3.org/2001/XMLSchema-instance"
    xsi:schemaLocation="http://www.loc.gov/MARC21/slim http://www.loc.gov/standards/marcxml/schema/MARC21slim.xsd"
    xmlns="http://www.loc.gov/MARC21/slim">

  <leader>01088nam2a2200277   4500</leader>
  <controlfield tag="001">RU\NLR\bibl\1239101</controlfield>
  <controlfield tag="005">20250615120619.0</controlfield>
  <datafield tag="010" ind1=" " ind2=" ">
    <subfield code="a">978-5-7525-1792-3</subfield>
    <subfield code="9">200</subfield>
  </datafield>
  <datafield tag="021" ind1=" " ind2=" ">
    <subfield code="a">RU</subfield>
    <subfield code="b">2008-28958</subfield>
    <subfield code="9">1600</subfield>
  </datafield>
  <datafield tag="035" ind1=" " ind2=" ">
    <subfield code="a">(NLR Aleph) 001225312</subfield>
  </datafield>
  <datafield tag="090" ind1=" " ind2=" ">
    <subfield code="a">164206</subfield>
    <subfield code="c">164206</subfield>
  </datafield>
  <datafield tag="100" ind1=" " ind2=" ">
    <subfield code="a">20080609d2007    |||y0rusy50      ca</subfield>
  </datafield>
  <datafield tag="101" ind1="0" ind2=" ">
    <subfield code="a">rus</subfield>
  </datafield>
  <datafield tag="102" ind1=" " ind2=" ">
    <subfield code="a">RU</subfield>
  </datafield>
  <datafield tag="105" ind1=" " ind2=" ">
    <subfield code="a">a   |||||||||</subfield>
  </datafield>
  <datafield tag="200" ind1="0" ind2=" ">
    <subfield code="a">[&#x427;.] 3</subfield>
  </datafield>
  <datafield tag="210" ind1=" " ind2=" ">
    <subfield code="d">2007</subfield>
    <subfield code="a">&#x411;. &#x43C;.</subfield>
  </datafield>
  <datafield tag="215" ind1=" " ind2=" ">
    <subfield code="a">300 &#x441;.</subfield>
    <subfield code="c">&#x43A;&#x430;&#x440;&#x442;.</subfield>
  </datafield>
  <datafield tag="320" ind1=" " ind2=" ">
    <subfield code="a">&#x411;&#x438;&#x431;&#x43B;&#x438;&#x43E;&#x433;&#x440;.: &#x441;. 247-258</subfield>
  </datafield>
  <datafield tag="320" ind1=" " ind2=" ">
    <subfield code="a">&#x423;&#x43A;&#x430;&#x437;. &#x442;&#x43E;&#x43F;&#x43E;&#x43D;&#x438;&#x43C;&#x43E;&#x432;: &#x441;. 276-296</subfield>
  </datafield>
  <datafield tag="461" ind1=" " ind2="0">
    <subfield code="1">001RU\NLR\bibl\795320</subfield>
    <subfield code="1">2001#$a&#x421;&#x443;&#x431;&#x441;&#x442;&#x440;&#x430;&#x442;&#x43D;&#x430;&#x44F; &#x442;&#x43E;&#x43F;&#x43E;&#x43D;&#x438;&#x43C;&#x438;&#x44F; &#x420;&#x443;&#x441;&#x441;&#x43A;&#x43E;&#x433;&#x43E; &#x421;&#x435;&#x432;&#x435;&#x440;&#x430;$v[&#x427;.] 3</subfield>
    <subfield code="9">1083052</subfield>
    <subfield code="a">&#x41C;&#x430;&#x442;&#x432;&#x435;&#x435;&#x432;, &#x410;. &#x41A;. (&#x434;-&#x440; &#x444;&#x438;&#x43B;&#x43E;&#x43B;. &#x43D;&#x430;&#x443;&#x43A; ; 1926-2010)</subfield>
    <subfield code="c">&#x415;&#x43A;&#x430;&#x442;&#x435;&#x440;&#x438;&#x43D;&#x431;&#x443;&#x440;&#x433;</subfield>
    <subfield code="d">2004</subfield>
    <subfield code="f">&#x410;.&#x41A;. &#x41C;&#x430;&#x442;&#x432;&#x435;&#x435;&#x432;</subfield>
    <subfield code="n">&#x418;&#x437;&#x434;-&#x432;&#x43E; &#x423;&#x440;&#x430;&#x43B;&#x44C;&#x441;&#x43A;&#x43E;&#x433;&#x43E; &#x443;&#x43D;&#x438;&#x432;&#x435;&#x440;&#x441;&#x438;&#x442;&#x435;&#x442;&#x430;</subfield>
    <subfield code="t">&#x421;&#x443;&#x431;&#x441;&#x442;&#x440;&#x430;&#x442;&#x43D;&#x430;&#x44F; &#x442;&#x43E;&#x43F;&#x43E;&#x43D;&#x438;&#x43C;&#x438;&#x44F; &#x420;&#x443;&#x441;&#x441;&#x43A;&#x43E;&#x433;&#x43E; &#x421;&#x435;&#x432;&#x435;&#x440;&#x430;</subfield>
    <subfield code="v">[&#x427;.] 3</subfield>
  </datafield>
  <datafield tag="801" ind1=" " ind2="0">
    <subfield code="a">RU</subfield>
    <subfield code="b">NLR</subfield>
    <subfield code="c">20080609</subfield>
    <subfield code="g">RCR</subfield>
  </datafield>
  <datafield tag="801" ind1=" " ind2="1">
    <subfield code="a">RU</subfield>
    <subfield code="b">NLR</subfield>
    <subfield code="c">20080609</subfield>
  </datafield>
  <datafield tag="942" ind1=" " ind2=" ">
    <subfield code="c">BOOK</subfield>
  </datafield>
  <datafield tag="980" ind1=" " ind2=" ">
    <subfield code="a">NB</subfield>
  </datafield>
  <datafield tag="995" ind1=" " ind2=" ">
    <subfield code="5">2008-06-09</subfield>
    <subfield code="a">ad</subfield>
    <subfield code="b">NLR01</subfield>
    <subfield code="c">NLR01</subfield>
    <subfield code="e">RF3</subfield>
    <subfield code="f">1-575681</subfield>
    <subfield code="k">2005-3/8561</subfield>
    <subfield code="o">0</subfield>
    <subfield code="r">BOOK</subfield>
    <subfield code="s">200538561_</subfield>
  </datafield>
  <datafield tag="995" ind1=" " ind2=" ">
    <subfield code="5">2008-06-09</subfield>
    <subfield code="a">ad</subfield>
    <subfield code="b">NLR01</subfield>
    <subfield code="c">NLR01</subfield>
    <subfield code="e">RF3</subfield>
    <subfield code="f">1-1530570</subfield>
    <subfield code="k">2005-3/8561</subfield>
    <subfield code="o">0</subfield>
    <subfield code="r">BOOK</subfield>
    <subfield code="s">200538561_</subfield>
  </datafield>
</record>
